| 000 | 00730nam a2200217Ia 4500 | ||
|---|---|---|---|
| 008 | 101110s9999 xx 000 0 und d | ||
| 041 | _aENGLISH | ||
| 082 | _bSR34692 | ||
| 100 | _aSchultaz, Duane P. & Schultaz Sydney Ellen | ||
| 245 | _aPsychology & work today : an introduction to industrial & organizational psychology | ||
| 260 |
_c2010 _bPearson education, Noida |
||
| 300 | _a341 | ||
| 365 | _b395 | ||
| 520 | _aPsychology | ||
| 546 | _aENGLISH | ||
| 630 | _aPsychology & work today : an introduction to industrial & organizational psychology | ||
| 650 | _aPsychology | ||
| 655 | _aPsychology | ||
| 730 | _aPsychology & work today : an introduction to industrial & organizational psychology | ||
| 942 | _cBOOK | ||
| 999 |
_c827193 _d827190 |
||